00404nam a2200169Ia 4500008004100000020001800041245001800059245004000077260001500117260001600132260000900148300001500157300002500172300001000197500000800207999001900215170705s9999 xx 000 0 und d a9780590979094 aMouse trap! / cby Joy Cowley and Linda McClelland. aNew York : bScholastic, c1997 a30 pages : bcolor illustration ; c22cm. a250 c337228d337228